The etruscans
Saved in:
| Main Author: | |
|---|---|
| Other Authors: | , |
| Format: | Book |
| Language: | English |
| Published: |
[London] :
Allen Lane,
1975
|
| Edition: | Rev. and enl. ed. |
| Subjects: | |
| Tags: |
Add Tag
No Tags, Be the first to tag this record!
|
MARC
| LEADER | 00000cam a2200000 i 4500 | ||
|---|---|---|---|
| 001 | 1/47117 | ||
| 008 | 961126s1975 eng d | ||
| 020 | |a 0-7139-0218-3 | ||
| 035 | |l 10026442 | ||
| 040 | |a GR-MY-UA |b gre |e aacr | ||
| 041 | 0 | |a eng | |
| 082 | 0 | |a 937.501 | |
| 100 | 1 | |a Pallottino, Massimo. | |
| 245 | 1 | 4 | |a The etruscans / |c Massimo Pallottino ; translated by J. Cremona ; edited by David Ridgway |
| 250 | |a Rev. and enl. ed. | ||
| 260 | |a [London] : |b Allen Lane, |c 1975 | ||
| 300 | |a 318 p. ; |b ill.; |c 24 cm | ||
| 504 | |a Includes index | ||
| 650 | 0 | 0 | |a Etruscans. |
| 700 | 1 | |a Cremona, J. |4 trl | |
| 700 | 1 | |a Ridgway, David. |4 edt | |
| 852 | |a INST |b CHIOS |e 19961126 |h 937.501 PAL |p 005200011855 |q 005200011855 |t BK |y 0 | ||
| 901 | |a BIBL2-2000-2 | ||
| 909 | |a Χ |b 047939 | ||
| 970 | |z 2000/08/ΔΕΜΕΝΑΓΑΣ | ||